000 00701nam a2200289Ia 4500
005 20260324113124.0
008 008 260324s9999 xx 000 0 eng d
020 _a9781003482949
037 _aEBOOK
040 _aCRL
040 _beng
040 _cCRL
041 _2eng
041 _aeng
084 _qCRL
100 _aDouglas Bisson; Clayton Roberts; David Roberts
_91145507
245 2 _aA History of England, Volume 2
245 0 _b1688 to the Present
260 _bTaylor and Francis
260 _c2024
365 _a
365 _b320
856 _uhttp://www.taylorfrancis.com/books/9781003482949
942 _cEBOOK
999 _c1734994
_d1734994